000 01368nam a2200229Ia 4500
003 Ost
005 20260507075033.0
008 260507s9999||||xx |||||||||||||| ||und||
020 _a7794009957
040 _cfsecg
041 _aara
082 _a330
100 _aالزبيدي، حمزة محمود
_eمؤلف
245 0 _aإدارة الإئتمان المصرفي وتحليل الإئتماني /
_c حمزة محمود الزبيدي
260 _aعمان:
_bمؤسسة الوراق للنشر والتوزيع,
_c2002
300 _a321 صفحة؛
_bإيضاحات ؛
_c24 سم
520 _aالإئتمان المصرفي، ماهيته وأهميته- تنظيم الإئتمان المصرفي والرقابة عليه-أنواع الإئتمان المصرفي- الإستعلام والتحقق في إدارة الإئتمان- معايير منح الإئتمان- تحليل مخاطر الإئتمان- قواعد منح الإئتمان- التحليل الإنتمائي النوعي والفني- التحليل الإئتماني لتجنب مخاطر الفشل المالي- إدارة الإئتمان وإحتياجات العميل والنمو القابل للإستمرار
653 _aالإئتمان المصرفي
653 _aالإدارة المالية
653 _aالقروض البنكية
942 _cكتاب
999 _c42430
_d42430